000 01072nam0a2200313 4500
001 RU\NLR\PR\ONL\13757088
005 20260322051559.0
035 _a(NLR Aleph) 022760710
090 _a13641670
_c13641670
100 _a20260318d1875 m y0rusy50 ca
101 0 _alit
102 _aRU
105 _ay w 000yy
181 0 _ai
_b xxe
182 0 _an
200 1 _aDu kelei ir jû galai
_e[meditacijos apie dangų ir pragarą
_fiš vok. k. vertė Jurgis Meškaitis]
203 _aТекст
_bвизуальный
_cнепосредственный
210 _aTilžė
_cDrukawots pas J. Reylenderi ir sunu
_d[1875]
215 _a8 с.
_d13
518 1 _aDu keliai ir jų galai
541 1 _a[Два пути и два их конца]
_zrus
_7ca
606 1 _aБогословие католическое
_9994195
_3RU\NLR\AUTH\6658175
686 1 _aЭ375-4
702 1 _aMeškaitis
_bJ.
_f1801-1876
_gJurgis
_4730
801 0 _aRU
_bNLR
942 _cBOOK
945 _aРоссийская национальная библиотека
980 _aNB